[Event "Pan American-ch"]
[Site "Washington DC"]
[Date "2006.12.29"]
[Round "5"]
[White "Nieto, Alejandro"]
[Black "Gonzalez, Javier"]
[Result "1-0"]
[WhiteElo "1826"]
[BlackElo "2101"]
[PlyCount "135"]
[EventDate "2006.12.27"]
[EventType "swiss"]
[EventRounds "6"]
[EventCountry "USA"]
[SourceTitle "CBM 116 Extra"]
[Source "ChessBase"]
[SourceDate "2007.03.07"]
[SourceVersion "1"]
[SourceVersionDate "2007.03.07"]
[SourceQuality "1"]

1. e4 c5 2. Nc3 g6 3. g3 Bg7 4. Bg2 Nc6 5. d3 Nf6 6. Be3 d6 7. h3 0-0 8. Nge2 Rb8 9. f4 Bd7 10. 0-0 b5 11. Qd2 b4 12. Nd1 Qc7 13. a4 Bc8 14. Nf2 Nd7 15. Rab1 Nd4 16. b3 a5 17. g4 Nxe2+ 18. Qxe2 Bb7 19. g5 f5 20. gxf6 exf6 21. f5 Ne5 22. Ng4 Nxg4 23. Qxg4 g5 24. h4 h6 25. Kf2 Kf7 26. Rh1 Rh8 27. Qh5+ Kf8 28. Rh3 Qf7 29. Qf3 Ke7 30. Rbh1 Rbg8 31. Qg3 Qe8 32. Bf3 Bc6 33. Qg2 Kd7 34. e5 Bxf3 35. e6+ Ke7 36. Qxf3 Qa8 37. Qxa8 Rxa8 38. Kf3 Rac8 39. Bc1 Rcg8 40. Bb2 Kf8 41. d4 Ke7 42. dxc5 dxc5 43. hxg5 hxg5 44. Rxh8 Bxh8 45. Rh7+ Bg7 46. Bc1 Kd6 47. Ke4 Kc6 48. Be3 g4 49. e7 Kd7 50. Bxc5 g3 51. Kf3 Rc8 52. Bd4 Rg8 53. Kxg3 Kxe7 54. Kf4 Kf7 55. Ke4 Re8+ 56. Kd3 Re1 57. Kc4 Rf1 58. Rh5 Rf4 59. Kd5 Rf1 60. Bb6 Rf4 61. Bxa5 Bh6 62. Bxb4 Bg5 63. Rh7+ Kg8 64. Rb7 Rxf5+ 65. Kc6 Rf2 66. c4 f5 67. a5 Ra2 68. Rb5 1-0

[Event "Pan American-ch"]
[Site "Washington DC"]
[Date "2006.12.28"]
[Round "2"]
[White "Gonzalez, Javier"]
[Black "Kahn, Samuel1111"]
[Result "0-1"]
[WhiteElo "2101"]
[BlackElo "1746"]
[PlyCount "150"]
[EventDate "2006.12.27"]
[EventType "swiss"]
[EventRounds "6"]
[EventCountry "USA"]
[SourceTitle "CBM 116 Extra"]
[Source "ChessBase"]
[SourceDate "2007.03.07"]
[SourceVersion "1"]
[SourceVersionDate "2007.03.07"]
[SourceQuality "1"]

1. e4 e5 2. Nf3 Nc6 3. Bc4 Nf6 4. d3 Bc5 5. Be3 d6 6. Nc3 Bg4 7. h3 Bh5 8. Nd5 Nd4 9. g4 Bg6 10. Bg5 Ne6 11. Bh4 c6 12. Nxf6+ gxf6 13. Bxe6 fxe6 14. c3 Qe7 15. a3 Bb6 16. Qe2 Qg7 17. d4 0-0 18. 0-0-0 exd4 19. cxd4 Rac8 20. Rhe1 d5 21. Kb1 dxe4 22. Ng1 f5 23. gxf5 exf5 24. f3 Rce8 25. Qc4+ Kh8 26. fxe4 Rxe4 27. Rxe4 fxe4 28. Bg3 Bc7 29. Bxc7 Qxc7 30. d5 Qd6 31. Ne2 cxd5 32. Rxd5 Qf6 33. Rd1 Bf7 34. Qc5 Ra8 35. Qe3 Bg6 36. Nc3 Re8 37. Re1 Qf3 38. Qd4+ Kg8 39. Qd5+ Qf7 40. Qd4 b6 41. Ka1 Qf5 42. h4 Qe5 43. Qc4+ Kg7 44. Qe2 h5 45. Rg1 Kh7 46. Rg5 Qe6 47. Nd5 Rf8 48. Qe3 Rf1+ 49. Ka2 Rf3 50. Qd4 Rd3 51. Qf6 Qf7 52. Qd6 e3 53. Qxg6+ Qxg6 54. Rxg6 Rxd5 55. Re6 Rd4 56. Rxe3 Kg6 57. Re7 Rxh4 58. Rxa7 Rf4 59. Ra8 h4 60. Rg8+ Kh7 61. Rg5 Rf6 62. b4 h3 63. Rg1 Rf3 64. Rg4 Kh6 65. Re4 Kg5 66. Re5+ Kg4 67. Re6 h2 68. Rg6+ Kh3 69. Rh6+ Kg2 70. Rg6+ Rg3 71. Rh6 h1Q 72. Rxh1 Kxh1 73. a4 Kg2 74. a5 bxa5 75. bxa5 Rg5 0-1

[Event "Barcelona Sant Marti op 05th"]
[Site "Barcelona"]
[Date "2003.05.31"]
[Round "6.23"]
[White "Gonzalez, Javier"]
[Black "Vizcarrondo Arpal, Josep"]
[Result "1-0"]
[WhiteElo "1955"]
[BlackElo "1840"]
[PlyCount "79"]
[EventDate "2003.04.26"]
[EventType "swiss"]
[EventRounds "9"]
[EventCountry "ESP"]
[SourceTitle "EXT 2004"]
[Source "ChessBase"]
[SourceDate "2003.11.25"]
[SourceVersion "1"]
[SourceVersionDate "2003.11.25"]
[SourceQuality "1"]

1. e4 c5 2. d4 cxd4 3. c3 dxc3 4. Nxc3 e6 5. Nf3 d6 6. Bc4 Qc7 7. Qe2 a6 8. 0-0 Be7 9. Rd1 Nf6 10. Bf4 e5 11. Bg5 Nbd7 12. Rac1 Nb6 13. Nb5 Qd8 14. Nc7+ Kf8 15. Nxa8 Nxc4 16. Qxc4 Be6 17. Qc7 Qxa8 18. Nh4 g6 19. Bxf6 Bxf6 20. Qxd6+ Kg7 21. Nf3 Rd8 22. Qa3 Rxd1+ 23. Rxd1 b5 24. Re1 Qb7 25. Qc5 Qb8 26. b3 a5 27. Rc1 a4 28. bxa4 bxa4 29. Qc2 Qb4 30. Rb1 Qa3 31. Rb2 Bg4 32. Nd2 Be6 33. Nb1 Qd6 34. Qxa4 Qc5 35. Qc2 Qd4 36. Nc3 Bc4 37. Qd2 Qc5 38. Nd5 Bd8 39. Rc2 Ba5 40. Qc1 1-0